| 000 | 00592nam a2200181 i 4500 | ||
|---|---|---|---|
| 001 | 65548 | ||
| 003 | ES-MaACL | ||
| 005 | 20230906165415.0 | ||
| 007 | t| | ||
| 008 | 040115s1966 sp ||||1| spa d | ||
| 100 | 0 |
_aFriedman, Milton ( _d1912-2006) _952636 |
|
| 245 | 1 | 0 |
_aTeoría de los precios / _cMilton Friedman ; versión, José Vergara y José Vergara L. de San Román. |
| 260 |
_a[Madrid : _bAlianza, _c1966] |
||
| 300 |
_a363 p. : _bil. ; _c24 cm. |
||
| 700 | 1 |
_aVergara, José. _9114083 |
|
| 700 | 1 |
_aVergara L. de San Román, José. _9114088 |
|
| 852 |
_aES-MaACL _jC-30926 _bR.61686 |
||
| 999 |
_c65548 _d65548 |
||